| 000 | 00522nam a2200181Ia 4500 | ||
|---|---|---|---|
| 008 | 090124s9999 xx 000 0 und d | ||
| 082 | _b116616 | ||
| 100 | _aटिळक लक्ष्मीबाई | ||
| 245 | _a भरली घागर | ||
| 250 | _a1 | ||
| 260 | _c1951 | ||
| 300 | _a148 | ||
| 600 | _aटिळक लक्ष्मीबाई | ||
| 630 | _a भरली घागर | ||
| 700 | _aटिळक लक्ष्मीबाई | ||
| 730 | _a भरली घागर | ||
| 942 | _cBOOK | ||
| 999 |
_c162702 _d162702 |
||